000 00374nam a2200145Ia 4500
008 230817s2022 xx 000 0 und d
041 _aeng
082 _a615.19/MAH/KUC
100 _aDR.K.R.MAHADIK
245 _aPHARMACEUTICAL CHEMISTRY
260 _bNIRALI PUBLICATION
_c2022
300 _aP/B13.14
650 _aPHARMACEUTICAL CHEMISTRY
700 _aDR. B.S. KUCHEKAR
999 _c832253
_d832253